| 000 | 00466nam a2200181Ia 4500 | ||
|---|---|---|---|
| 003 | OSt | ||
| 005 | 20221117044538.0 | ||
| 008 | 211109s9999||||xx |||||||||||||| ||und|| | ||
| 040 | _cSBCL | ||
| 082 |
_a294.592503 _bMAN-P |
||
| 100 | _aVettam, Mani | ||
| 245 | 0 | _aPURANA NIGANDU Vol 1 | |
| 260 |
_bNational Book Stall _aKottayam _c1965 |
||
| 300 | _a484p. | ||
| 630 | _xReference Reading Room | ||
| 650 |
_aReligion _xOther Religion _2Encyclopedia |
||
| 942 | _cBOOK | ||
| 999 |
_c27069 _d27069 |
||